000
00285nam a22001337a 4500
008
180307b xxu||||| |||| 00| 0 eng d
020
_a
9780618528448
041
_a
eng
080
_2
7 ED
_a
54
100
_a
12
101
_a
KIM
245
_a
CHEMISTRY
_c
STEVEN.S.Z
942
_2
udc
_c
BK
999
_c
44273
_d
44273